003180000a2200085000450024500980000004100130009850000450011110000250015677300510018110aHabitat specificity and food preferences of an assemblage of tropical Australian dung beetles0 aInglés a1 aHill, Christopher J.1 tJournal of tropical ecologyh12q449-460d1996